|
|
|
|
| LEADER |
00000nam0a2200000 4500 |
| 001 |
13959 |
| 005 |
20231030185256.0 |
| 010 |
|
|
|a 5845900557
|
| 035 |
|
|
|a (RuTPU)RU\TPU\book\14047
|
| 035 |
|
|
|a BOOK00000033
|
| 090 |
|
|
|a 13959
|
| 100 |
|
|
|a 20011209d2000 km y0rusy50 ca
|
| 101 |
1 |
|
|a rus
|c eng
|
| 102 |
|
|
|a RU
|
| 105 |
|
|
|a a z 000zy
|
| 200 |
1 |
|
|a Конкуренция
|e пер. с англ.
|f М. Э. Портер
|
| 210 |
|
|
|a Москва
|c Вильямс
|d 2000
|
| 215 |
|
|
|a 495 с.
|c ил.
|
| 610 |
1 |
|
|a экономика
|
| 610 |
1 |
|
|a экономическая теория
|
| 610 |
1 |
|
|a рыночная экономика
|
| 610 |
1 |
|
|a конкуренция
|
| 610 |
1 |
|
|a конкурентоспособность
|
| 610 |
1 |
|
|a компании
|
| 686 |
|
|
|a У011.314
|v LBC/SL-A
|2 rubbk
|
| 700 |
|
1 |
|a Портер
|b М. Э.
|g Майкл Э.
|
| 801 |
|
0 |
|a RU
|b 63413507
|c 20011209
|g PSBO
|
| 801 |
|
2 |
|a RU
|b 63413507
|c 20220930
|g PSBO
|
| 942 |
|
|
|c BK
|